000 00828nam a22002537a 4500
005 20170123162348.0
010 _aA-854099
020 _c110.00
035 _aA-854099
037 _bCen Lib/Ret
040 _aDPL
_bUR
082 _a270.35
_bع ل ی
100 _aعباس محمود الغفار
_9117788
245 _aعلی :
_cعباس محمود الغفار
_bشخصیت اور کردار /
246 _aAli : shakhsiyat aur kirdar /
_bby Abas Mahmood-Ul-Gaffar
260 _aلاہور
_bادبستان
_c1996
270 _bلاہور
300 _a216p.
_c21cm(Hb)
650 _aمذہب -- اسلام
_9134766
650 _a سوانح حیات - علی
_9108494
650 _aReligion -- Islam
_992070
650 _aBiography -- Ali
_9134767
942 _2ddc
_cUR
_h270.35
_mع ل ی
999 _c109016
_d109016